<?xml version="1.0" encoding="UTF-8"?>
<record
    xmlns:xsi="http://www.w3.org/2001/XMLSchema-instance"
    xsi:schemaLocation="http://www.loc.gov/MARC21/slim http://www.loc.gov/standards/marcxml/schema/MARC21slim.xsd"
    xmlns="http://www.loc.gov/MARC21/slim">

  <leader>00752nam a22001817a 4500</leader>
  <controlfield tag="005">20250728160323.0</controlfield>
  <controlfield tag="008">250728b        |||||||| |||| 00| 0 eng d</controlfield>
  <datafield tag="020" ind1=" " ind2=" ">
    <subfield code="a">0-566-07993-3</subfield>
  </datafield>
  <datafield tag="050" ind1=" " ind2=" ">
    <subfield code="a">CD971 .C66 1999</subfield>
  </datafield>
  <datafield tag="100" ind1=" " ind2=" ">
    <subfield code="a"> COOK, MICHAEL  </subfield>
  </datafield>
  <datafield tag="245" ind1=" " ind2=" ">
    <subfield code="a">THE MANAGEMENT OF INFORMATION FROM ARCHIVES</subfield>
  </datafield>
  <datafield tag="250" ind1=" " ind2=" ">
    <subfield code="a">2</subfield>
  </datafield>
  <datafield tag="260" ind1=" " ind2=" ">
    <subfield code="a">BROOKFIELD, VT.  </subfield>
    <subfield code="b">GOWER, ALDERSHOT, HAMPSHIRE, ENGLAND   </subfield>
    <subfield code="c">1999</subfield>
  </datafield>
  <datafield tag="300" ind1=" " ind2=" ">
    <subfield code="a">XIV, 271 P. : ILL.</subfield>
  </datafield>
  <datafield tag="500" ind1=" " ind2=" ">
    <subfield code="a">INCLUDES BIBLIOGRAPHICAL REFERENCES AND INDEX</subfield>
  </datafield>
  <datafield tag="650" ind1=" " ind2=" ">
    <subfield code="a"> 1.	INFORMATION STORAGE AND RETRIEVAL SYSTEMS--ARCHIVAL MATERIALS 2.	CATALOGING OF ARCHIVAL MATERIALS--DATA PROCESSING 3.	ARCHIVAL MATERIALS--DATA PROCESSING 4.	ARCHIVES--AUTOMATION--MANAGEMENT 5.	ARCHIVES--ADMINISTRATION</subfield>
  </datafield>
  <datafield tag="942" ind1=" " ind2=" ">
    <subfield code="2">lcc</subfield>
    <subfield code="c">BK</subfield>
  </datafield>
  <datafield tag="999" ind1=" " ind2=" ">
    <subfield code="c">215967</subfield>
    <subfield code="d">215967</subfield>
  </datafield>
  <datafield tag="952" ind1=" " ind2=" ">
    <subfield code="0">0</subfield>
    <subfield code="1">0</subfield>
    <subfield code="2">lcc</subfield>
    <subfield code="4">0</subfield>
    <subfield code="6">CD0971 C66  01999</subfield>
    <subfield code="7">0</subfield>
    <subfield code="8">ARTS</subfield>
    <subfield code="9">372695</subfield>
    <subfield code="a">KSUL</subfield>
    <subfield code="b">KSUL</subfield>
    <subfield code="c">DISPLAY</subfield>
    <subfield code="d">2025-07-28</subfield>
    <subfield code="i">109349</subfield>
    <subfield code="l">0</subfield>
    <subfield code="o">CD971 .C66 1999</subfield>
    <subfield code="p">000000024449</subfield>
    <subfield code="r">2025-07-28 16:04:00</subfield>
    <subfield code="t">5</subfield>
    <subfield code="w">2025-07-28</subfield>
    <subfield code="y">BK</subfield>
  </datafield>
  <datafield tag="952" ind1=" " ind2=" ">
    <subfield code="0">0</subfield>
    <subfield code="1">0</subfield>
    <subfield code="2">lcc</subfield>
    <subfield code="4">0</subfield>
    <subfield code="6">CD0971 C66  01999</subfield>
    <subfield code="7">0</subfield>
    <subfield code="8">ARTS</subfield>
    <subfield code="9">372696</subfield>
    <subfield code="a">KSUL</subfield>
    <subfield code="b">KSUL</subfield>
    <subfield code="c">DISPLAY</subfield>
    <subfield code="d">2025-07-28</subfield>
    <subfield code="i">109345</subfield>
    <subfield code="l">0</subfield>
    <subfield code="o">CD971 .C66 1999</subfield>
    <subfield code="p">000000024448</subfield>
    <subfield code="r">2025-07-28 16:04:00</subfield>
    <subfield code="t">1</subfield>
    <subfield code="w">2025-07-28</subfield>
    <subfield code="y">BK</subfield>
  </datafield>
  <datafield tag="952" ind1=" " ind2=" ">
    <subfield code="0">0</subfield>
    <subfield code="1">0</subfield>
    <subfield code="2">lcc</subfield>
    <subfield code="4">0</subfield>
    <subfield code="6">CD0971 C66  01999</subfield>
    <subfield code="7">0</subfield>
    <subfield code="8">ARTS</subfield>
    <subfield code="9">372697</subfield>
    <subfield code="a">KSUL</subfield>
    <subfield code="b">KSUL</subfield>
    <subfield code="c">DISPLAY</subfield>
    <subfield code="d">2025-07-28</subfield>
    <subfield code="i">109346</subfield>
    <subfield code="l">0</subfield>
    <subfield code="o">CD971 .C66 1999</subfield>
    <subfield code="p">000000024447</subfield>
    <subfield code="r">2025-07-28 16:04:00</subfield>
    <subfield code="t">2</subfield>
    <subfield code="w">2025-07-28</subfield>
    <subfield code="y">BK</subfield>
  </datafield>
  <datafield tag="952" ind1=" " ind2=" ">
    <subfield code="0">0</subfield>
    <subfield code="1">0</subfield>
    <subfield code="2">lcc</subfield>
    <subfield code="4">0</subfield>
    <subfield code="6">CD0971 C66  01999</subfield>
    <subfield code="7">0</subfield>
    <subfield code="8">ARTS</subfield>
    <subfield code="9">372698</subfield>
    <subfield code="a">KSUL</subfield>
    <subfield code="b">KSUL</subfield>
    <subfield code="c">DISPLAY</subfield>
    <subfield code="d">2025-07-28</subfield>
    <subfield code="i">109347</subfield>
    <subfield code="l">0</subfield>
    <subfield code="o">CD971 .C66 1999</subfield>
    <subfield code="p">000000024446</subfield>
    <subfield code="r">2025-07-28 16:04:00</subfield>
    <subfield code="t">3</subfield>
    <subfield code="w">2025-07-28</subfield>
    <subfield code="y">BK</subfield>
  </datafield>
  <datafield tag="952" ind1=" " ind2=" ">
    <subfield code="0">0</subfield>
    <subfield code="1">0</subfield>
    <subfield code="2">lcc</subfield>
    <subfield code="4">0</subfield>
    <subfield code="6">CD0971 C66  01999</subfield>
    <subfield code="7">0</subfield>
    <subfield code="8">ARTS</subfield>
    <subfield code="9">372699</subfield>
    <subfield code="a">KSUL</subfield>
    <subfield code="b">KSUL</subfield>
    <subfield code="c">DISPLAY</subfield>
    <subfield code="d">2025-07-28</subfield>
    <subfield code="i">109348</subfield>
    <subfield code="l">0</subfield>
    <subfield code="o">CD971 .C66 1999</subfield>
    <subfield code="p">000000024445</subfield>
    <subfield code="r">2025-07-28 16:04:00</subfield>
    <subfield code="t">4</subfield>
    <subfield code="w">2025-07-28</subfield>
    <subfield code="y">BK</subfield>
  </datafield>
</record>
